000 00596nam a2200241Ia 4500
003 OSt
005 20140319124825.0
008 140130s9999 xx 000 0 und d
020 _a9780439778114
050 _aPZ 7
_b.M462Iaw 2005
100 _aMayer, Mercer.
245 _cMercer Mayer.
_aI Was So Mad /
260 _bScholastic Inc.,
_c2005.
_aUSA :
300 _a30 p. :
_bcol. ill. ;
_c23 cm.
440 _v1
521 _aG2
526 _c430
650 _aChildren’s stories, American.
650 _aAnger
_xFiction.
942 _cBK
_2lcc
999 _c40324
_d40324